MARC

LEADER 00000cam a22000004a 4500
001 musev2_20599
003 MdBmJHUP
005 20230905042212.0
006 m o d
007 cr||||||||nn|n
008 081128s2007 wau o 00 0 eng d
020 |a 9781939131072 
020 |z 9780971393882 
035 |a (OCoLC)867795504 
040 |a MdBmJHUP  |c MdBmJHUP 
245 0 0 |a Strategic Asia 2007-08 :   |b Domestic Political Change and Grand Strategy /   |c edited by Ashley J. Tellis and Michael Wills ; with contributions from Nick Bisley [and others]. 
264 1 |a Washington D.C. :  |b National Bureau of Asian Research,  |c 2007. 
264 3 |a Baltimore, Md. :  |b Project MUSE,   |c 2013 
264 4 |c ©2007. 
300 |a 1 online resource (443 pages):   |b illustrations, maps. 
336 |a text  |b txt  |2 rdacontent 
337 |a computer  |b c  |2 rdamedia 
338 |a online resource  |b cr  |2 rdacarrier 
490 0 |a Strategic Asia ;  |v 2007-08 
500 |a Based upon work supported by the Department of Energy (National Nuclear Security Administration) under Award Number DE-FG52-03SF22724. 
588 |a Description based on print version record. 
650 7 |a Strategic aspects of individual places.  |2 fast  |0 (OCoLC)fst01355062 
650 7 |a Politics and government  |2 fast  |0 (OCoLC)fst01919741 
650 7 |a National security.  |2 fast  |0 (OCoLC)fst01033711 
650 7 |a Military readiness.  |2 fast  |0 (OCoLC)fst01021419 
650 7 |a International economic relations.  |2 fast  |0 (OCoLC)fst00976891 
650 7 |a Economic history.  |2 fast  |0 (OCoLC)fst00901974 
650 7 |a Commercial policy.  |2 fast  |0 (OCoLC)fst00869569 
650 0 |a National security  |z Asia. 
651 7 |a United States.  |2 fast  |0 (OCoLC)fst01204155 
651 7 |a Asia.  |2 fast  |0 (OCoLC)fst01240495 
651 6 |a Asie  |x Politique et gouvernement  |y 1945- 
651 6 |a Asie  |x Conditions economiques. 
651 6 |a Asie  |x Politique commerciale. 
651 6 |a Asie  |x Defense. 
651 6 |a Asie  |x Aspect strategique. 
651 6 |a Asie  |x Relations economiques exterieures  |z États-Unis. 
651 0 |a Asia  |x Politics and government  |y 1945- 
651 0 |a Asia  |x Economic conditions. 
651 0 |a Asia  |x Commercial policy. 
651 0 |a Asia  |x Defenses. 
651 0 |a Asia  |x Strategic aspects. 
651 0 |a Asia  |x Foreign economic relations  |z United States. 
651 0 |a United States  |x Foreign economic relations  |z Asia. 
655 7 |a Electronic books.   |2 local 
700 1 |a Tellis, Ashley J. 
700 1 |a Wills, Michael,  |d 1970- 
700 1 |a Bisley, Nick,  |d 1973- 
710 2 |a National Bureau of Asian Research (U.S.) 
710 2 |a Project Muse.  |e distributor 
830 0 |a Book collections on Project MUSE. 
856 4 0 |z Texto completo  |u https://projectmuse.uam.elogim.com/book/20599/ 
945 |a Project MUSE - Custom Collection 
945 |a Project MUSE - Archive Complete Supplement 
945 |a Project MUSE - Archive Political Science and Policy Studies Supplement 
945 |a Project MUSE - Archive Asian and Pacific Studies Foundation